000
00337 a2200157 4500
001
71004
020
_a
9788535618914
040
_c
Anchieta - Itaigara
240
1
0
_a
Pituca e a chuva
_l
por
245
1
0
_a
Pituca e a chuva
300
_a
54
362
0
_a
2007
440
1
_a
Paulinas
650
4
_a
Literatura infanto-juvenil
942
_c
BK
999
_c
71004
_d
71004